Word Ladder: Mosquito Disease Quiz Stats

 Plays Quiz Updated Jul 7, 2016

Challenge
Share
Tweet
Embed
Score 0/24 Timer 04:00
1 Play Today
Clue 4-Letter Word % Correct
The mother of JesusMARY
95.3%
Frazier or Whitman, e.g.WALT
93.5%
NYSE StreetWALL
92.1%
It's orbited by Phobos and DeimosMARS
91.4%
Mahjong componentTILE
90.3%
A swollen bumpWELT
89.2%
Three ____ Island nuclear accidentMILE
89.1%
Get sleepyTIRE
88.2%
According to Einstein, E divided by c²MASS
86.5%
Black-tie social outingGALA
86.5%
Plant confused with lichens and liverwortsMOSS
85.1%
Temerity, chutzpahGALL
84.3%
Clue 4-Letter Word % Correct
North American 'monster' lizardGILA
80.6%
Antarctic sea or a 'Friends' friend💉 ROSS 💉
80.5%
Nauseating or reprehensibleVILE
76.9%
Actresses Carano or GershonGINA
75.3%
1492 caravelNIÑA
73.6%
The origin of an armless Venus?MILO
72.6%
It's either Blue or White💉 NILE 💉
70.7%
This French valley's poets gave rise to vaudeville💉 VIRE 💉
70.2%
A Palestinian 'Bank'?💉 WEST 💉
70%
1001, to a computerNINE
68.4%
Troublesome or intractable, like a bogMIRY
66.5%
Spanish surrealist JoanMIRÓ
62.3%

Today's Daily Dose

Missing Word
Hayao Miyazaki

Word Ladder
Florida

On This Day
December 13th II

You're not logged in!

Compare scores with friends on all Sporcle quizzes.
OR
Log In

You Might Also Like...

Show Comments

Extras

Top Quizzes Today


Score Distribution

Your Account Isn't Verified!

In order to create a playlist on Sporcle, you need to verify the email address you used during registration. Go to your Sporcle Settings to finish the process.

Report this User

Report this user for behavior that violates our Community Guidelines.

Details: